| 000 | 00728cab a2200217 4500 | ||
|---|---|---|---|
| 001 | WB3242-26 | ||
| 008 | 090401t1996 xxu||||| |||| 00| 0 eng d | ||
| 035 | _a(Sirsi) u44654 | ||
| 041 | _aeng | ||
| 245 | _aIndustry told to clean up its act | ||
| 260 | _c1996 | ||
| 350 | _a0 | ||
| 490 |
_aFinancial Times _v5 November 1996, 10(1) |
||
| 520 | _aCIRIA and the Environment Agency have launched a training package to explain how construction companies can prevent water pollution. The industry is the second worst polluter after sewerage companies. | ||
| 650 | _aCIRIA | ||
| 650 | _aENVIRONMENT AGENCY | ||
| 650 | _aWATER POLLUTION | ||
| 690 | _aENVIRONMENTAL AND LAND CONSULTANCY | ||
| 942 | _n0 | ||
| 948 | _c04/03/1997 | ||
| 999 |
_c28375 _d28375 |
||